Harry Potter and the Methods of Rationality characters by mentions - Statistics

General Stats
  • This quiz has been taken 104 times
  • The average score is 24 of 59
Answer Stats
Hint Answer % Correct
9673 Harry James Potter-Evans-Verres
100%
2207 Hermione Granger
96%
88 Ron Weasley
94%
1373 Albus Dumbledore
86%
621 Severus Snape
76%
36 Sirius Black
76%
1187 Voldemort
76%
2042 Draco Malfoy
73%
956 Minerva McGonagall
73%
93 Remus Lupin
73%
89 Rubeus Hagrid
73%
149 Fred Weasley
69%
145 George Weasley
69%
294 Bellatrix Black
65%
56 James Potter
65%
96 Lily Potter
65%
342 Lucius Malfoy
63%
376 Neville Longbottom
57%
147 Filius Flitwick
53%
145 Gregory Goyle
51%
25 Narcissa Malfoy
49%
51 Vincent Crabbe
47%
32 Seamus Finnigan
45%
45 Dean Thomas
43%
204 Mad-Eye Moody
43%
84 Pomona Sprout
43%
60 Godric Gryffindor
41%
1907 Quirinus Quirrell
41%
75 Salazar Slytherin
41%
86 Lavender Brown
39%
31 Petunia Evans-Verres
37%
63 Parvati Patil
35%
162 Padma Patil
33%
42 Pansy Parkinson
33%
39 Peter Pettigrew
31%
136 Blaise Zabini
29%
116 Hannah Abbott
27%
34 Argus Filch
22%
34 Madam Pomfrey
22%
46 Michael Verres-Evans
22%
222 Susan Bones
22%
38 Sybill Trelawney
20%
68 Millicent Bulstrode
18%
189 Amelia Bones
16%
280 Daphne Greengrass
16%
44 Ernie Macmillan
14%
49 Rita Skeeter
14%
50 Theodore Nott
12%
207 Tracey Davis
12%
26 Aurora Sinistra
8%
125 Fawkes
8%
77 Perenelle Flamel
8%
52 David Monroe
6%
37 Grindelwald
6%
69 Lesath Lestrange
6%
115 Merlin
6%
60 Anthony Goldstein
4%
33 Augusta Longbottom
4%
21 Robert Jugson III
4%
No matching quizzes found
Score Distribution
Percent of People with Each Score
Percentile by Number Answered
Your Score History
You have not taken this quiz